[Event "HUN-chT2 Barcza 1011"]
[Site "Hungary"]
[Date "2010.09.12"]
[Round "1.8"]
[White "Lukacs, Janos"]
[Black "Kristof, Peter"]
[Result "1-0"]
[WhiteElo "2110"]
[BlackElo "2145"]
[PlyCount "113"]
[EventDate "2010.09.12"]
[EventType "team-tourn"]
[EventRounds "11"]
[EventCountry "HUN"]
[SourceTitle "EXT 2012"]
[Source "ChessBase"]
[SourceDate "2011.11.24"]
[SourceVersion "1"]
[SourceVersionDate "2011.11.24"]
[SourceQuality "1"]
[WhiteTeam "Hajduboszormeny"]
[BlackTeam "Edeleny"]
[WhiteTeamCountry "HUN"]
[BlackTeamCountry "HUN"]

1. e4 e6 2. d3 d5 3. Nd2 Nf6 4. Ngf3 Be7 5. g3 0-0 6. Bg2 b6 7. 0-0 Bb7 8. e5 Nfd7 9. Re1 c5 10. Nf1 Nc6 11. h4 h6 12. N1h2 Qc7 13. Bf4 Nd4 14. Nxd4 cxd4 15. Nf3 Qc5 16. Rc1 Rac8 17. Nd2 b5 18. Qg4 Kh7 19. Nb3 Qb6 20. Bd2 Bc5 21. a3 Rfe8 22. Bb4 Qc7 23. Nxc5 Nxc5 24. Qxd4 a5 25. Bxc5 Qxc5 26. Qxc5 Rxc5 27. d4 Rc7 28. Bf1 Bc6 29. Re3 Bd7 30. f4 Rec8 31. g4 g6 32. Bd3 Rb8 33. h5 Kg7 34. Kf2 b4 35. g5 hxg5 36. h6+ Kxh6 37. Rh3+ Kg7 38. Rch1 Rg8 39. axb4 axb4 40. fxg5 Ra7 41. Ke3 Ra2 42. b3 Kf8 43. Rf1 Kg7 44. Rfh1 Kf8 45. Rh7 Bc8 46. Rf1 Rg7 47. Bxg6 Rxg6 48. Rhxf7+ Ke8 49. Rf8+ Kd7 50. R1f7+ Kc6 51. Rxc8+ Kb6 52. Rf6 Rxg5 53. Rxe6+ Kb7 54. Rc5 Rg2 55. Rxd5 Raxc2 56. Rb5+ Kc7 57. Rxb4 1-0

[Event "HUN-chT2 Maroczy 0910"]
[Site "Hungary"]
[Date "2010.02.28"]
[Round "7"]
[White "Kajari, Istvan"]
[Black "Lukacs, Janos"]
[Result "1-0"]
[WhiteElo "2233"]
[BlackElo "2110"]
[PlyCount "61"]
[EventDate "2009.11.08"]
[EventType "team-tourn"]
[EventRounds "11"]
[EventCountry "HUN"]
[SourceTitle "EXT 2011"]
[Source "ChessBase"]
[SourceDate "2010.11.26"]
[SourceVersion "1"]
[SourceVersionDate "2010.11.26"]
[SourceQuality "1"]
[WhiteTeam "Gyula"]
[BlackTeam "Hajduboszormeny"]
[WhiteTeamCountry "HUN"]
[BlackTeamCountry "HUN"]

1. e4 c6 2. Nc3 d5 3. Nf3 e6 4. d4 dxe4 5. Nxe4 Nd7 6. Bd3 Ngf6 7. 0-0 Be7 8. c3 Nxe4 9. Bxe4 Nf6 10. Bc2 b6 11. Ne5 Bb7 12. Re1 0-0 13. Qd3 g6 14. Bh6 Re8 15. Qh3 Qd6 16. Bb3 Bf8 17. Re3 Bxh6 18. Qxh6 Qf8 19. Qh4 Qg7 20. f4 Nd5 21. Rh3 c5 22. dxc5 bxc5 23. Bxd5 exd5 24. Nd7 Re2 25. Nf6+ Kf8 26. Nxh7+ Kg8 27. Nf6+ Kf8 28. Nd7+ Kg8 29. Re1 Rxe1+ 30. Qxe1 Rc8 31. Qe7 1-0

[Event "HUN-chT2 Maroczy 0910"]
[Site "Hungary"]
[Date "2010.01.17"]
[Round "4"]
[White "Lukacs, Janos"]
[Black "Herpai, Jozsef"]
[Result "0-1"]
[WhiteElo "2110"]
[BlackElo "2243"]
[PlyCount "60"]
[EventDate "2009.11.08"]
[EventType "team-tourn"]
[EventRounds "11"]
[EventCountry "HUN"]
[SourceTitle "EXT 2011"]
[Source "ChessBase"]
[SourceDate "2010.11.26"]
[SourceVersion "1"]
[SourceVersionDate "2010.11.26"]
[SourceQuality "1"]
[WhiteTeam "Hajduboszormeny"]
[BlackTeam "Maroczy"]
[WhiteTeamCountry "HUN"]
[BlackTeamCountry "HUN"]

1. e4 c5 2. Nf3 e6 3. d3 Nc6 4. g3 d6 5. Bg2 g6 6. 0-0 Bg7 7. c3 Nge7 8. Re1 0-0 9. Nbd2 Rb8 10. a4 a6 11. Nc4 b5 12. axb5 axb5 13. Ne3 Qb6 14. h4 Ba6 15. h5 b4 16. d4 cxd4 17. cxd4 Bb5 18. e5 dxe5 19. dxe5 Rfd8 20. Qb3 Rd3 21. Qa2 b3 22. Qa3 Bf8 23. Ng4 Nd5 24. hxg6 hxg6 25. Qa8 Rxa8 26. Rxa8 Nb8 27. Ng5 Rxg3 28. Ne3 Rxg5 29. Nxd5 Rxg2+ 30. Kxg2 Bc6 0-1

[Event "HUN-chT2 Maroczy 0910"]
[Site "Hungary"]
[Date "2009.12.06"]
[Round "3"]
[White "Lukacs, Janos"]
[Black "Mede, Istvan"]
[Result "0-1"]
[WhiteElo "2110"]
[BlackElo "2267"]
[PlyCount "116"]
[EventDate "2009.11.08"]
[EventType "team-tourn"]
[EventRounds "11"]
[EventCountry "HUN"]
[SourceTitle "EXT 2011"]
[Source "ChessBase"]
[SourceDate "2010.11.26"]
[SourceVersion "1"]
[SourceVersionDate "2010.11.26"]
[SourceQuality "1"]
[WhiteTeam "Hajduboszormeny"]
[BlackTeam "Fenstherm"]
[WhiteTeamCountry "HUN"]
[BlackTeamCountry "HUN"]

1. e4 c5 2. Nf3 e6 3. d3 Nc6 4. g3 d5 5. Nbd2 g6 6. Bg2 Bg7 7. 0-0 Nge7 8. Re1 b6 9. exd5 exd5 10. d4 0-0 11. Nb3 c4 12. Nbd2 Bg4 13. h3 Be6 14. c3 h6 15. Nf1 b5 16. h4 a5 17. Bf4 b4 18. Qd2 Kh7 19. N1h2 a4 20. a3 bxc3 21. bxc3 Na5 22. Ra2 Nb3 23. Qe3 Nf5 24. Qe2 Nd6 25. Ne5 Nb5 26. Qf3 Ra6 27. Bc1 f6 28. Neg4 h5 29. Ne3 Nxc3 30. Rc2 Nxd4 31. Qf4 Nxc2 32. Nxc2 Bf5 33. Nd4 Re8 34. Be3 Be4 35. g4 Bxg2 36. Kxg2 Re4 37. Qf3 hxg4 38. Nxg4 f5 39. Nxf5 Rxg4+ 40. Qxg4 gxf5 41. Qxf5+ Rg6+ 42. Kh3 Qf6 43. Qh5+ Bh6 44. Bg5 Qf5+ 45. Kg2 Ne4 46. f4 Rb6 47. Re2 d4 48. Qf3 d3 49. Rxe4 Bf8 50. Rxc4 d2 51. Rxa4 Rd6 52. Ra7+ Kg8 53. Qd1 Qe4+ 54. Kh2 Qe1 55. Qb3+ Qe6 56. Qd1 Rd3 57. f5 Bd6+ 58. Kg1 Qe1+ 0-1

[Event "Budapest Spring op 25th"]
[Site "Budapest"]
[Date "2009.03.28"]
[Round "9"]
[White "Lukacs, Janos"]
[Black "Juhasz, Kristof"]
[Result "1/2-1/2"]
[WhiteElo "2137"]
[BlackElo "2181"]
[PlyCount "28"]
[EventDate "2009.03.20"]
[EventType "swiss"]
[EventRounds "9"]
[EventCountry "HUN"]
[SourceTitle "CBM 129 Extra"]
[Source "ChessBase"]
[SourceDate "2009.05.05"]
[SourceVersion "2"]
[SourceVersionDate "2009.05.20"]
[SourceQuality "1"]

1. e4 c6 2. d4 d5 3. Nc3 dxe4 4. Nxe4 Bf5 5. Ng3 Bg6 6. h4 h6 7. Nf3 Nd7 8. h5 Bh7 9. Bd3 Bxd3 10. Qxd3 e6 11. Bf4 Qa5+ 12. Bd2 Bb4 13. Ne4 Bxd2+ 14. Nfxd2 Qc7 1/2-1/2

[Event "HUN-chT2 Maroczy 0809"]
[Site "Hungary"]
[Date "2009.02.22"]
[Round "8"]
[White "Lukacs, Janos"]
[Black "Bencze, Laszlo"]
[Result "0-1"]
[WhiteElo "2143"]
[BlackElo "2292"]
[PlyCount "80"]
[EventDate "2008.10.26"]
[EventType "team-tourn"]
[EventRounds "11"]
[EventCountry "HUN"]
[SourceTitle "EXT 2010"]
[Source "ChessBase"]
[SourceDate "2010.11.25"]
[SourceVersion "1"]
[SourceVersionDate "2010.11.25"]
[SourceQuality "1"]
[WhiteTeam "Hajduboszormeny"]
[BlackTeam "Dunaharaszti"]
[WhiteTeamCountry "HUN"]
[BlackTeamCountry "HUN"]

1. e4 c5 2. Nf3 d6 3. d3 Nc6 4. g3 g6 5. Bg2 Bg7 6. 0-0 e5 7. a4 Nge7 8. c3 0-0 9. Nbd2 h6 10. Re1 Be6 11. Nc4 Qd7 12. Bd2 Rae8 13. b4 cxb4 14. cxb4 f5 15. b5 Nd8 16. Qc1 Nf7 17. Qa3 fxe4 18. Rxe4 Bd5 19. Bb4 Bxe4 20. dxe4 Nc8 21. Rd1 Rd8 22. h4 a6 23. bxa6 bxa6 24. Ba5 Rde8 25. Bb4 Qc6 26. Rc1 Qd7 27. Kh2 g5 28. Ne3 g4 29. Nd2 Nd8 30. f3 h5 31. fxg4 hxg4 32. Kg1 Nc6 33. Ndc4 Nd4 34. Qa2 Kh8 35. Nd5 Bh6 36. Nce3 Nb6 37. Rf1 Nxd5 38. Nxd5 Rxf1+ 39. Bxf1 Rf8 40. Bxa6 Qa7 0-1

[Event "HUN-chT2 Maroczy 0708"]
[Site "Hungary"]
[Date "2008.02.17"]
[Round "6"]
[White "Farkas, Lajos"]
[Black "Lukacs, Janos"]
[Result "1/2-1/2"]
[WhiteElo "2157"]
[BlackElo "2114"]
[PlyCount "28"]
[EventDate "2007.10.14"]
[EventType "team"]
[EventRounds "11"]
[EventCountry "HUN"]
[SourceTitle "EXT 2009"]
[Source "ChessBase"]
[SourceDate "2008.11.26"]
[SourceVersion "1"]
[SourceVersionDate "2008.11.26"]
[SourceQuality "1"]
[WhiteTeam "Barcza"]
[BlackTeam "Hajduboszormeny"]
[WhiteTeamCountry "HUN"]
[BlackTeamCountry "HUN"]

1. d4 Nf6 2. Nf3 g6 3. g3 Bg7 4. Bg2 0-0 5. 0-0 d6 6. Nbd2 c6 7. e4 Nbd7 8. c3 Qc7 9. b3 Re8 10. Bb2 e5 11. Re1 b5 12. Qc2 Bb7 13. c4 b4 14. Rad1 c5 1/2-1/2

[Event "Budapest FS07 FM-B"]
[Site "Budapest"]
[Date "2007.07.12"]
[Round "6"]
[White "Lukacs, Janos"]
[Black "Mate, Balazs"]
[Result "1/2-1/2"]
[WhiteElo "2125"]
[BlackElo "2175"]
[PlyCount "37"]
[EventDate "2007.07.07"]
[EventType "tourn"]
[EventRounds "10"]
[EventCountry "HUN"]
[SourceTitle "EXT 2008"]
[Source "ChessBase"]
[SourceDate "2007.11.25"]
[SourceVersion "1"]
[SourceVersionDate "2007.11.25"]
[SourceQuality "1"]

1. e4 c5 2. Nf3 d6 3. d3 Nc6 4. g3 Nf6 5. Bg2 Bd7 6. 0-0 b5 7. Bg5 e6 8. h3 Be7 9. Nbd2 0-0 10. e5 dxe5 11. Re1 Rc8 12. Nxe5 Nxe5 13. Rxe5 Qc7 14. Re1 Bc6 15. Bxc6 Qxc6 16. Qf3 Qxf3 17. Nxf3 Rfd8 18. a4 b4 19. Ne5 1/2-1/2

[Event "Budapest FS07 FM-B"]
[Site "Budapest"]
[Date "2007.07.09"]
[Round "3"]
[White "Jenkins, Drake"]
[Black "Lukacs, Janos"]
[Result "1/2-1/2"]
[WhiteElo "2081"]
[BlackElo "2125"]
[PlyCount "71"]
[EventDate "2007.07.07"]
[EventType "tourn"]
[EventRounds "10"]
[EventCountry "HUN"]
[SourceTitle "EXT 2008"]
[Source "ChessBase"]
[SourceDate "2007.11.25"]
[SourceVersion "1"]
[SourceVersionDate "2007.11.25"]
[SourceQuality "1"]

1. Nf3 Nf6 2. d4 g6 3. c4 Bg7 4. g3 0-0 5. Bg2 d6 6. 0-0 Nbd7 7. Nc3 c6 8. e4 e5 9. h3 Qb6 10. Re1 exd4 11. Nxd4 Ng4 12. Nce2 Nge5 13. b3 Nc5 14. Be3 a5 15. Rb1 Re8 16. f4 Ned3 17. Rf1 f5 18. Nxf5 gxf5 19. Qxd3 Nxd3 20. Bxb6 fxe4 21. Bd4 d5 22. Rfd1 a4 23. cxd5 cxd5 24. Bxg7 Kxg7 25. Nc1 axb3 26. axb3 Bf5 27. Nxd3 exd3 28. g4 Be4 29. Rd2 Rac8 30. Rbd1 Rc3 31. Bf1 Rxb3 32. Bxd3 Kf6 33. Bxe4 Rxe4 34. Rd3 Rxd3 35. Rxd3 Rxf4 36. Rxd5 1/2-1/2

[Event "Budapest FS12 Elo-A"]
[Site "Budapest"]
[Date "2006.12.09"]
[Round "8"]
[White "Tessedik, Karoly"]
[Black "Lukacs, Janos"]
[Result "1/2-1/2"]
[WhiteElo "2000"]
[BlackElo "2121"]
[PlyCount "70"]
[EventDate "2006.12.02"]
[EventType "tourn"]
[EventRounds "13"]
[EventCountry "HUN"]
[SourceTitle "CBM 115 Extra"]
[Source "ChessBase"]
[SourceDate "2007.01.10"]
[SourceVersion "1"]
[SourceVersionDate "2007.01.10"]
[SourceQuality "1"]

1. c4 Nf6 2. Nc3 g6 3. d4 Bg7 4. e4 d6 5. Nf3 0-0 6. Be2 e5 7. 0-0 Nc6 8. d5 Ne7 9. b4 Nh5 10. Re1 Nf4 11. Bxf4 exf4 12. Rc1 f5 13. Nd4 fxe4 14. Nxe4 Nf5 15. Nxf5 Bxf5 16. Bf3 a5 17. b5 b6 18. Bg4 Be5 19. Nd2 Qd7 20. Bxf5 Rxf5 21. Nf3 Qg7 22. Re4 Raf8 23. Qe2 h6 24. Re1 Bc3 25. Re7 R5f7 26. Rxf7 Qxf7 27. Rc1 Re8 28. Qd3 Bf6 29. Kf1 Qg7 30. Re1 Rxe1+ 31. Kxe1 Bc3+ 32. Kf1 Qf6 33. g3 fxg3 34. hxg3 Kg7 35. Kg2 Kf7 1/2-1/2

[Event "Budapest FS12 Elo-A"]
[Site "Budapest"]
[Date "2006.12.06"]
[Round "5"]
[White "Lukacs, Janos"]
[Black "Heyl, Thomas"]
[Result "0-1"]
[WhiteElo "2121"]
[BlackElo "2091"]
[PlyCount "58"]
[EventDate "2006.12.02"]
[EventType "tourn"]
[EventRounds "13"]
[EventCountry "HUN"]
[SourceTitle "CBM 115 Extra"]
[Source "ChessBase"]
[SourceDate "2007.01.10"]
[SourceVersion "1"]
[SourceVersionDate "2007.01.10"]
[SourceQuality "1"]

1. e4 c5 2. Nf3 e6 3. d3 Nc6 4. g3 d5 5. Nbd2 Nf6 6. Bg2 Be7 7. 0-0 0-0 8. Re1 b5 9. e5 Nd7 10. Nf1 Bb7 11. h4 Qc7 12. Bf4 a5 13. N1h2 a4 14. Qe2 Qb6 15. c3 b4 16. Ng5 a3 17. bxa3 Rxa3 18. cxb4 Nxb4 19. Reb1 Ba6 20. Qb2 Qa5 21. d4 Bd3 22. dxc5 Bxb1 23. Qxb1 Bxg5 24. hxg5 Qxc5 25. Ng4 Nc2 26. Qd1 Nxa1 27. Qxa1 Rfa8 28. Be3 Qc2 29. Qf1 Rb8 0-1

[Event "Budapest FS03 FM-A"]
[Site "Budapest"]
[Date "2006.03.14"]
[Round "11"]
[White "Schulze, Hubertus"]
[Black "Lukacs, Janos"]
[Result "1-0"]
[WhiteElo "2159"]
[BlackElo "2145"]
[PlyCount "53"]
[EventDate "2006.03.04"]
[EventType "tourn"]
[EventRounds "11"]
[EventCountry "HUN"]
[SourceTitle "CBM 111 Extra"]
[Source "ChessBase"]
[SourceDate "2006.05.09"]
[SourceVersion "1"]
[SourceVersionDate "2006.05.09"]
[SourceQuality "1"]

1. d4 Nf6 2. c4 g6 3. Nc3 Bg7 4. e4 d6 5. Be2 0-0 6. f4 c5 7. d5 e6 8. Nf3 exd5 9. cxd5 Re8 10. Nd2 Na6 11. 0-0 Nc7 12. a4 a6 13. a5 Rb8 14. Bf3 b5 15. axb6 Rxb6 16. Nc4 Rb4 17. Nxd6 Qxd6 18. e5 Qb6 19. d6 Rd4 20. Qc2 Bf5 21. Qf2 Nfd5 22. dxc7 Nxf4 23. Bxf4 Rxf4 24. Nd5 Qa7 25. Nxf4 Bxe5 26. Qh4 Qxc7 27. Nd5 1-0

[Event "Budapest FS03 FM-A"]
[Site "Budapest"]
[Date "2006.03.13"]
[Round "10"]
[White "Lukacs, Janos"]
[Black "Metaxasz, Vaszilisz"]
[Result "1/2-1/2"]
[WhiteElo "2145"]
[BlackElo "2106"]
[PlyCount "111"]
[EventDate "2006.03.04"]
[EventType "tourn"]
[EventRounds "11"]
[EventCountry "HUN"]
[SourceTitle "CBM 111 Extra"]
[Source "ChessBase"]
[SourceDate "2006.05.09"]
[SourceVersion "1"]
[SourceVersionDate "2006.05.09"]
[SourceQuality "1"]

1. e4 c5 2. Nf3 Nc6 3. d3 d6 4. g3 g6 5. Bg2 Bg7 6. 0-0 Nf6 7. Nbd2 0-0 8. c3 e5 9. Nc4 Rb8 10. a4 a6 11. Nh4 d5 12. Ne3 d4 13. Nd5 Nxd5 14. exd5 Ne7 15. c4 Nf5 16. Nxf5 Bxf5 17. g4 Bd7 18. f4 Qh4 19. h3 h5 20. f5 Bf6 21. Bh6 hxg4 22. Bxf8 gxh3 23. Be4 gxf5 24. Qe2 Kxf8 25. Bxf5 Qg5+ 26. Kh1 Bxf5 27. Rg1 Qe3 28. Qxe3 dxe3 29. Raf1 Bxd3 30. Rxf6 Bxc4 31. d6 Rd8 32. Rh6 Ke8 33. Rg8+ Kd7 34. Rxd8+ Kxd8 35. Rxh3 e2 36. Re3 f6 37. b3 Bd3 38. Kg1 e4 39. Kf2 Kd7 40. Rh3 Kxd6 41. Rh5 Bc2 42. Kxe2 Bxb3 43. a5 Kc6 44. Rf5 Kb5 45. Ke3 Bc2 46. Kd2 Bd3 47. Kc3 Kxa5 48. Rxc5+ b5 49. Rf5 Ka4 50. Rxf6 b4+ 51. Kb2 a5 52. Re6 b3 53. Rb6 Bb5 54. Re6 Kb4 55. Rxe4+ Bc4 56. Re8 1/2-1/2

[Event "Budapest FS03 FM-A"]
[Site "Budapest"]
[Date "2006.03.10"]
[Round "7"]
[White "Tessedik, Karoly"]
[Black "Lukacs, Janos"]
[Result "1-0"]
[WhiteElo "2013"]
[BlackElo "2145"]
[PlyCount "81"]
[EventDate "2006.03.04"]
[EventType "tourn"]
[EventRounds "11"]
[EventCountry "HUN"]
[SourceTitle "CBM 111 Extra"]
[Source "ChessBase"]
[SourceDate "2006.05.09"]
[SourceVersion "1"]
[SourceVersionDate "2006.05.09"]
[SourceQuality "1"]

1. c4 Nf6 2. Nc3 g6 3. d4 Bg7 4. e4 d6 5. f3 0-0 6. Be3 Nc6 7. Nge2 a6 8. Qd2 Rb8 9. 0-0-0 b5 10. h4 h5 11. cxb5 axb5 12. Bh6 Bd7 13. Bxg7 Kxg7 14. Nf4 e5 15. dxe5 Nxe5 16. Ncd5 c6 17. Nxf6 Qxf6 18. Be2 Rh8 19. g3 d5 20. exd5 cxd5 21. Nxd5 Rhc8+ 22. Kb1 Qf5+ 23. Ka1 Rd8 24. g4 Qe6 25. Nf4 Qf6 26. gxh5 Bf5 27. Nd5 Rxd5 28. Qxd5 Be6 29. Qd4 Ra8 30. a3 Ra4 31. h6+ Kh7 32. Qd8 Qxd8 33. Rxd8 Nc4 34. Rd4 Ra5 35. Bxc4 Bxc4 36. Kb1 Ra7 37. Re1 Rc7 38. b4 Kxh6 39. Kb2 Be6 40. Rc1 Rb7 41. Rc5 1-0

[Event "Budapest FS03 FM-A"]
[Site "Budapest"]
[Date "2006.03.09"]
[Round "6"]
[White "Lukacs, Janos"]
[Black "Kutzner, Stephen"]
[Result "1/2-1/2"]
[WhiteElo "2145"]
[BlackElo "2096"]
[PlyCount "72"]
[EventDate "2006.03.04"]
[EventType "tourn"]
[EventRounds "11"]
[EventCountry "HUN"]
[SourceTitle "CBM 111 Extra"]
[Source "ChessBase"]
[SourceDate "2006.05.09"]
[SourceVersion "1"]
[SourceVersionDate "2006.05.09"]
[SourceQuality "1"]

1. e4 e5 2. Nf3 Nc6 3. Bb5 a6 4. Bxc6 dxc6 5. 0-0 f6 6. d4 Bg4 7. dxe5 Qxd1 8. Rxd1 fxe5 9. Nbd2 0-0-0 10. Re1 Bd6 11. h3 Bh5 12. Nh4 Ne7 13. Nc4 Rhf8 14. Bg5 Rd7 15. Nxd6+ cxd6 16. Bxe7 Rxe7 17. Re3 d5 18. exd5 g5 19. d6 Re6 20. g4 gxh4 21. gxh5 Kd7 22. Rae1 Kxd6 23. Rd3+ Ke7 24. Rde3 Rf5 25. Re4 Rxh5 26. f4 Kf6 27. Rf1 Rf5 28. fxe5+ Rexe5 29. Rxf5+ Rxf5 30. Rxh4 h5 31. a4 b5 32. axb5 cxb5 33. b4 Rd5 34. c4 bxc4 35. Rxc4 a5 36. bxa5 Rxa5 1/2-1/2

[Event "Budapest FS03 FM-A"]
[Site "Budapest"]
[Date "2006.03.04"]
[Round "1"]
[White "Lukacs, Janos"]
[Black "Montignies, Rainer"]
[Result "1/2-1/2"]
[WhiteElo "2145"]
[BlackElo "2100"]
[PlyCount "127"]
[EventDate "2006.03.04"]
[EventType "tourn"]
[EventRounds "11"]
[EventCountry "HUN"]
[SourceTitle "CBM 111 Extra"]
[Source "ChessBase"]
[SourceDate "2006.05.09"]
[SourceVersion "1"]
[SourceVersionDate "2006.05.09"]
[SourceQuality "1"]

1. e4 d5 2. exd5 Qxd5 3. Nc3 Qa5 4. Nf3 Nf6 5. Be2 c6 6. 0-0 Bg4 7. d4 Nbd7 8. h3 Bh5 9. Ne5 Bxe2 10. Qxe2 e6 11. Re1 Nxe5 12. dxe5 Nd7 13. a3 Be7 14. Bf4 0-0 15. b4 Qc7 16. Qg4 Kh8 17. Re3 a5 18. Rb1 b5 19. Qe2 Nb6 20. Rg3 Nc4 21. Ne4 Nxe5 22. Ng5 Bd6 23. Qh5 h6 24. Re1 Nf3+ 25. Nxf3 Bxf4 26. Rg4 Rad8 27. g3 Rd5 28. Qh4 Bd6 29. Rd4 Be7 30. Qe4 Rfd8 31. Red1 axb4 32. axb4 Bf6 33. R4d3 Qd6 34. Ne1 Qe5 35. Qxe5 Bxe5 36. Rxd5 Rxd5 37. Rxd5 cxd5 38. Kf1 Bc3 39. Nd3 Kg8 40. Ke2 Kf8 41. Ke3 Ke7 42. f4 Kd6 43. g4 f6 44. f5 e5 45. Ke2 d4 46. Nc5 Bxb4 47. Ne6 g6 48. Kd3 gxf5 49. gxf5 Kd5 50. Nc7+ Kc6 51. Ne6 Be7 52. h4 Kd5 53. Nc7+ Kc5 54. h5 b4 55. Ne6+ Kb5 56. Nc7+ Kc6 57. Ne6 Kd5 58. Nc7+ Kd6 59. Ne6 b3 60. cxb3 Kd5 61. Nc7+ Kc6 62. Ne6 Kb5 63. Nc7+ Kc6 64. Ne6 1/2-1/2

[Event "HUN-chT2"]
[Site "Hungary"]
[Date "1997.??.??"]
[Round "9"]
[White "Egri, Laszlo"]
[Black "Lukacs, Janos"]
[Result "1/2-1/2"]
[WhiteElo "2150"]
[BlackElo "2175"]
[PlyCount "43"]
[EventDate "1997.??.??"]
[EventType "team-swiss"]
[EventRounds "13"]
[EventCountry "HUN"]
[SourceTitle "EXT 2006"]
[Source "ChessBase"]
[SourceDate "2005.11.24"]
[SourceVersion "1"]
[SourceVersionDate "2005.11.24"]
[SourceQuality "1"]

1. e4 d6 2. d4 Nf6 3. Bd3 g6 4. f4 Bg7 5. c3 0-0 6. Nf3 Bg4 7. 0-0 c6 8. Nbd2 e5 9. h3 Bxf3 10. Nxf3 exd4 11. cxd4 Nbd7 12. Be3 Re8 13. Nd2 Nxe4 14. Bxe4 d5 15. Qb3 dxe4 16. f5 g5 17. Qxb7 Nb6 18. f6 Bxf6 19. Nb3 Nd5 20. Qxc6 Rc8 21. Qa6 Re6 22. Qe2 1/2-1/2

[Event "Kobanya op"]
[Site "Kobanya"]
[Date "1996.??.??"]
[Round "1"]
[White "Krizsany, Laszlo"]
[Black "Lukacs, Janos"]
[Result "1-0"]
[WhiteElo "2455"]
[BlackElo "2220"]
[PlyCount "53"]
[EventDate "1996.??.??"]
[EventType "swiss"]
[EventRounds "9"]
[EventCountry "HUN"]
[SourceTitle "EXT 2004"]
[Source "ChessBase"]
[SourceDate "2003.11.25"]
[SourceVersion "1"]
[SourceVersionDate "2003.11.25"]
[SourceQuality "1"]

1. d4 Nf6 2. c4 g6 3. Nc3 Bg7 4. e4 d6 5. Be2 0-0 6. Bg5 c5 7. d5 h6 8. Bf4 Nbd7 9. Qd2 Kh7 10. Nf3 Nh5 11. Be3 a6 12. 0-0 Ndf6 13. h3 Ne8 14. a4 f5 15. exf5 gxf5 16. Bd3 e5 17. dxe6 Bxe6 18. g4 d5 19. Nxd5 Bxd5 20. cxd5 Qxd5 21. Nh4 Rd8 22. Rad1 Nd6 23. Nxf5 Nxf5 24. Bxf5+ Qxf5 25. Qxd8 Qf3 26. Qd5 Qxh3 27. Qxh5 1-0